000 01301nam a2200325 i 4500
003 DO-SdBNP
005 20250131101714.0
007 ta
008 250124s1986 dr r 000 0 spa d
040 _aDO-SdBNP
_bspa
_cBNPHU
_erda
041 _aspa
082 0 4 _a615.88
_bC794m 1986
_222
100 1 _aCordero, Angel B.
_eautor
_4aut.
_937286
245 1 0 _aManual de medicina doméstica :
_b(Plantas medicinales dominicanas) /
_cAngel B. Cordero ; prólogo, José de Js. Jiménez A.
250 _aSegunda edición
264 4 _aSanto Domingo :
_bEditora de la UASD,
_c©1986.
300 _a490 páginas ;
_c23 cm.
336 _atexto
_btxt
_2rdacontent
337 _ardamedia
_bn
_2rdamedia
338 _avolumen
_bnc
_2rdacarrier
490 1 _aPublicaciones de la Universidad Autónoma de Santo Domingo ;
_v253
490 1 _aCiencia y Tecnología ;
_v7
590 _aInventariado, 2025/ YL
650 7 _aPlantas medicinales
_zRepública Dominicana
_986561
_2LEMB
650 7 _aMedicina popular
_zRepública Dominicana
_986562
_2LEMB
700 _aJiménez A., José de Js.
_epróloguista
_4pr.
_986574
830 0 _aPublicaciones de la Universidad Autónoma de Santo Domingo ; 253
_pCiencia y tecnología ;
_n7
_937287
910 _aYLockward. Validado. Control de calidad MFF
942 _2ddc
_cLBS1
999 _c58083
_d58083